Alle Städte in NRW nach Buchstabe - S - Statistiken

Allgemein
  • Dieses Quiz wurde 146 mal gespielt
  • Das Durchschnittsergebnis liegt bei 18 aus 37
Antworten auf der Karte
Die Antworten werden auf der Karte rot bzw. grün angezeigt, abhängig davon wie oft sie richtig erraten wurden.
 
Antwortstatistiken
Name % Korrekt
Solingen
93%
Siegen
88%
Soest
82%
Siegburg
76%
Steinfurt
72%
Schwerte
67%
Schwelm
66%
Senden
55%
Schmallenberg
54%
Steinhagen
54%
Sankt Augustin
53%
Sprockhövel
52%
Selm
51%
Stadtlohn
51%
Schleiden
50%
Selfkant
50%
Simmerath
50%
Straelen
50%
Sundern (Sauerland)
49%
Steinheim
47%
Südlohn
46%
Schloß Holte-Stukenbrock
44%
Stolberg (Rhld.)
43%
Salzkotten
41%
Schermbeck
40%
Schieder-Schwalenberg
40%
Schwalmtal
40%
Schlangen
39%
Schalksmühle
38%
Saerbeck
37%
Sonsbeck
37%
Spenge
37%
Sendenhorst
36%
Swisttal
33%
Sassenberg
29%
Stemwede
27%
Schöppingen
18%
Keine übereinstimmenden Quizze gefunden
Verteilung der Resultate
Anzahl Personen mit jedem Resultat
Perzentil nach korrekt beantworteten Fragen
Ihre Resultats-Entwicklung
Sie haben dieses Quiz noch nicht gespielt